Words Containing Animals #2 - Statistics

General Stats
  • This quiz has been taken 34,479 times
  • The average score is 13 of 20
Answer Stats
Definition Word % Correct
Imitator Copy{cat}
98%
Straw man Scare{crow}
97%
Person who loves to read Book{worm}
93%
Percussion instrument {Cow}bell
90%
Facial hair on the chin only {Goat}ee
89%
Type of swing dance Jitter{bug}
88%
Type of ballroom dance {Fox}trot
85%
To fold a page corner in a book {Dog}ear
82%
Nonsense! {Hog}wash
70%
Retiree who goes south for the winter Snow{bird}
68%
To swing the back of a vehicle from side to side {Fish}tail
58%
Shy and meek {Sheep}ish
54%
Nonsense! {Horse}feathers
53%
High-foot military march {Goose}step
47%
Poisonous plant {Wolf}sbane
46%
Direct and straight course {Bee}line
44%
Interlocking carpentry joint {Dove}tail
38%
Checkered fabric pattern {Hound}stooth
37%
Something that has a forked tail {Swallow}tail
11%
Research and devolpment facility {Skunk}works
9%
No matching quizzes found
Score Distribution
Percent of People with Each Score
Percentile by Number Answered
Your Score History
You have not taken this quiz